Vui học từ vựng tiếng Anh

Nội dung giới thiệu từ vựng theo các chủ điểm như sau: Countries, animals, sport... Từng chủ điểm gồm một trò chơi hoặc bài tập đơn giản kèm tranh minh họa và một khung từ vựng với cách đọc và nghĩa của các từ. Theo sau 2 chủ điểm từ vựng la...

Celý popis

Uloženo v:
Podrobná bibliografie
Hlavní autor: Song Phúc
Médium: Kniha
Jazyk:Undetermined
Vydáno: Hà Nội Giáo Dục 2000
Témata:
Tagy: Přidat tag
Žádné tagy, Buďte první, kdo otaguje tento záznam!
Thư viện lưu trữ: Trung tâm Học liệu Trường Đại học Cần Thơ
LEADER 01032nam a2200217Ia 4500
001 CTU_41463
008 210402s9999 xx 000 0 und d
020 |b 6.700đ 
082 |a 428.34 
082 |b S431/T1 
100 |a Song Phúc 
245 0 |a Vui học từ vựng tiếng Anh 
245 0 |c Song Phúc 
260 |a Hà Nội 
260 |b Giáo Dục 
260 |c 2000 
520 |a Nội dung giới thiệu từ vựng theo các chủ điểm như sau: Countries, animals, sport... Từng chủ điểm gồm một trò chơi hoặc bài tập đơn giản kèm tranh minh họa và một khung từ vựng với cách đọc và nghĩa của các từ. Theo sau 2 chủ điểm từ vựng là một bài tập cũng cố lai các từ đã học. 
650 |a English language,English language 
650 |x Textbooks for foreign speakers,Vocabulary 
904 |i Minh, 010523 
980 |a Trung tâm Học liệu Trường Đại học Cần Thơ